|
|
|
|
| LEADER |
00000nam0a2200000 4500 |
| 001 |
59324 |
| 005 |
20231101211813.0 |
| 010 |
|
|
|a 5897371393
|
| 035 |
|
|
|a (RuTPU)RU\TPU\book\62714
|
| 090 |
|
|
|a 59324
|
| 100 |
|
|
|a 20031225d2002 m y0rusy50 ca
|
| 101 |
0 |
|
|a rus
|a chi
|
| 102 |
|
|
|a RU
|
| 105 |
|
|
|a a j 001zy
|
| 200 |
1 |
|
|a Сборник тренировочных упражнений, контрольных заданий и тестов по базовому курсу китайского языка
|f И. В. Кочергин, Л. Хуан
|
| 210 |
|
|
|a Москва
|c Муравей
|d 2002
|
| 215 |
|
|
|a 208 с.
|c ил.
|
| 320 |
|
|
|a Библиогр.: с. 207
|
| 320 |
|
|
|a Указатель: с. 203-206
|
| 606 |
1 |
|
|a Китайский язык
|x Учебники и учебные пособия
|2 stltpush
|3 (RuTPU)RU\TPU\subj\73823
|9 86580
|
| 610 |
1 |
|
|a фонетика
|
| 610 |
1 |
|
|a лексика
|
| 610 |
1 |
|
|a грамматика
|
| 610 |
1 |
|
|a упражнения
|
| 610 |
1 |
|
|a учебные пособия
|
| 686 |
|
|
|a Ш171.11-923
|v LBC/SL-A
|2 rubbk
|
| 700 |
|
1 |
|a Кочергин
|b И. В.
|g Игорь Васильевич
|
| 701 |
|
1 |
|a Хуан
|b Л.
|g Лилян
|
| 801 |
|
1 |
|a RU
|b 63413507
|c 20031225
|g PSBO
|
| 801 |
|
2 |
|a RU
|b 63413507
|c 20170315
|g PSBO
|
| 942 |
|
|
|c BK
|